000 01045cab a2200337 4500
001 ABS59786
008 090401t1998 xxu||||| |||| 00| 0 eng d
035 _a(Sirsi) u90212
041 _aeng
100 _aWhitmore, J.
245 _aTreading water
260 _c1998
350 _a0
490 _aProperty Week
_v4 December 1998, 27-31(4)
520 _aReviews the changing strategies being employed by five leading property operators in the face of uncertain prospects for the property market in 1999.
650 _a1999
650 _aBARING HOUSTON & SAUNDERS
650 _aPROPERTY-COMMERCIAL PROPERTY
650 _aEMU
650 _aEURO
650 _aGRANTCHESTER
650 _aHELICAL BAR
650 _aINVESTMENT MARKET
650 _aPRICOA PROPERTY INVESTMENT MANAGEMENT
650 _aPROPERTY INDUSTRY
650 _aPROSPECTS
650 _aSCHRODER PROPERTY INVESTMENT MANAGEMENT
690 _aPROPERTY-COMMERCIAL PROPERTY-COMMERCIAL PROPERTY FINANCE AND INVESTMENT
942 _n0
948 _c09/12/1998
999 _c57162
_d57162